| 000 | 00460cam a22001337a 4500 | ||
|---|---|---|---|
| 008 | 180718b2013 xxu||||| |||| 00| 0 eng d | ||
| 020 | _a9781848933781 | ||
| 082 | _aR153x54 C152 | ||
| 245 |
_aBonded labour and debt in the Indian Ocean world _cedited by Gwyn Campbell and Alessando Stanziani |
||
| 260 |
_aLondon _bPickering and chatto publishers _c2013 |
||
| 300 | _a240p. | ||
| 650 | _aPeonage -- Indian Ocean Region -- Case studies | ||
| 700 | _aCampbell, Gwyn | ||
| 999 |
_c444427 _d444427 |
||